LEADER 01361nam--2200373---4500 001 990000830100203316 005 20100709084147.0 010 $a88-14-05985-3 035 $a0083010 035 $aUSA010083010 035 $a(ALEPH)000083010USA01 035 $a0083010 100 $a20020102d1996----km-y0ENGy0103----ba 101 $aita 102 $aIT 200 1 $a<> organizzazioni senza fini di lucro$dnon profit organizations$econgresso internazionale, Grand Hotel des Iles Borromées, Stresa, 26-27 ottobre 1995 210 $aMilano$cGiuffrè$dc1996 215 $aXIX, 317, 31 p.$d24 cm 225 2 $aCollana dell'osservatorio Giordano Dell'Amore sui rapporti tra diritto ed economia$v1 410 $aCollana dell'osservatorio Giordano Dell'Amore sui rapporti tra diritto ed economia$12001$v1 606 $aEnti morali$xCongressi$z1995 676 $a346.45064 801 0$aIT$bsalbc$gISBD 912 $a990000830100203316 951 $aXXV.1.D. 114 (COLL. PTR 1)$b12024 G$cXXV.1.D. 114 (COLL.)$d00285197 959 $aBK 969 $aGIU 979 $aPATTY$b90$c20020102$lUSA01$h1440 979 $c20020403$lUSA01$h1729 979 $aPATRY$b90$c20040406$lUSA01$h1657 979 $aRSIAV2$b90$c20100709$lUSA01$h0841 979 $aCHIARA$b90$c20120507$lUSA01$h1243 996 $aOrganizzazioni senza fini di lucro$9250675 997 $aUNISA LEADER 01221oam 2200421zu 450 001 9910172254303321 005 20251117073249.0 035 $a(CKB)1000000000726898 035 $a(SSID)ssj0000409502 035 $a(PQKBManifestationID)12172153 035 $a(PQKBTitleCode)TC0000409502 035 $a(PQKBWorkID)10348220 035 $a(PQKB)11595089 035 $a(EXLCZ)991000000000726898 100 $a20160829d2000 uy 101 0 $aeng 181 $ctxt 182 $cc 183 $acr 200 10$aSocial Development in Asia 210 31$a[Place of publication not identified]$cSpringer$d2000 300 $aBibliographic Level Mode of Issuance: Monograph 311 08$a0-7923-6256-X 606 $aSocial Conditions$2HILCC 606 $aSociology & Social History$2HILCC 606 $aSocial Sciences$2HILCC 607 $aAsia$xSocial conditions 615 7$aSocial Conditions 615 7$aSociology & Social History 615 7$aSocial Sciences 676 $a306/.095 700 $aTang$b Kwong-Ieung$0854857 701 $aTang$b Kwong-Leung$0854858 801 0$bPQKB 906 $aBOOK 912 $a9910172254303321 996 $aSocial Development in Asia$91908973 997 $aUNINA